000 00886nam a22002417a 4500
003 OSt
005 20250827164014.0
008 250827b |||||||| |||| 00| 0 eng d
037 _cDissertation
040 _aFEDL
_beng
_cFEDL
041 _aeng
_heng
082 _a371.39 SRI/DI
100 _aSrivastava, Twinkle
_9819097
110 _aUniversity of Delhi. Department of Education
_9818316
245 _aImpact of artificial intelligence tools on mathematics achievement:
_bA solomon four group design experimental study/
_cby Twinkle Srivastava; Vinod Kumar Kanvaria. Supervisor
260 _bUniversity of Delhi
_c2025
300 _a309p.
650 _aEDUCATIONAL TECHNOLOGY
650 _aARTIFICAL INTELLIGENCE
_9773658
700 _aKanvaria, Vinod Kumar. Supervisor
_9819098
942 _2ddc
_cDIS
_h371.39 SRI/DI
_n0
999 _c1434924
_d1434924